[Event "IECG TE.2002.P.01102 email"]
[Site "IECG email"]
[Date "2002.12.30"]
[Round "?"]
[White "Chetvertakoff, Valery"]
[Black "Kittikulkasem, Panya"]
[Result "1-0"]
[WhiteElo "2203"]
[BlackElo "1679"]
[PlyCount "57"]
[EventDate "2002.12.30"]
[EventType "tourn (corr)"]
[EventRounds "12"]
[SourceTitle "Corr 2008"]
[Source "ChessBase"]
[SourceDate "2008.06.24"]
[SourceVersion "1"]
[SourceVersionDate "2008.06.24"]
[SourceQuality "1"]

1. d4 Nf6 2. c4 c5 3. d5 e6 4. Nc3 exd5 5. cxd5 d6 6. e4 g6 7. Bd3 Bg7 8. h3 0-0 9. Nf3 Re8 10. 0-0 Na6 11. Re1 Nc7 12. a4 b6 13. Bf4 Nh5 14. Bg5 Bf6 15. Bd2 Bg7 16. Bc4 Ba6 17. b3 Bxc4 18. bxc4 Na6 19. Rb1 Nb4 20. Nb5 Nd3 21. Bg5 f6 22. Bxf6 Bxf6 23. Qxd3 Nf4 24. Qd2 Bg5 25. Kh1 Nxh3 26. Qc2 Nf4 27. g3 Rf8 28. Rb3 a6 29. Nxd6 1-0

[Event "IECG TE.2002.P.01102 email"]
[Site "IECG email"]
[Date "2002.12.30"]
[Round "?"]
[White "Muller, Henry"]
[Black "Kittikulkasem, Panya"]
[Result "1-0"]
[WhiteElo "2120"]
[BlackElo "1679"]
[PlyCount "39"]
[EventDate "2002.12.30"]
[EventType "tourn (corr)"]
[EventRounds "12"]
[SourceTitle "Corr 2008"]
[Source "ChessBase"]
[SourceDate "2008.06.24"]
[SourceVersion "1"]
[SourceVersionDate "2008.06.24"]
[SourceQuality "1"]

1. d4 Nf6 2. c4 c5 3. d5 e6 4. Nc3 exd5 5. cxd5 d6 6. Nf3 g6 7. e4 Bg7 8. h3 0-0 9. Bd3 b6 10. 0-0 Na6 11. Re1 Re8 12. Bb5 Re7 13. e5 dxe5 14. Nxe5 Nd7 15. Nxd7 Rxd7 16. Bg5 f6 17. Bf4 Bb7 18. Qa4 Re7 19. d6 Rd7 20. Bxd7 1-0